000 00356nam a2200157Ia 4500
003 OSt
005 20240102092302.0
008 170524s9999 xx 000 0 und d
020 _a1259004724
040 _ciimt university meerut
100 _aKODWANI
100 _c2012
245 0 _aEMPLOYEE TRAINING AND DEVELOPMENT
260 _aTMH
942 _2ddc
_c02
999 _c2953
_d2953